| 000 | 00505nam a2200181Ia 4500 | ||
|---|---|---|---|
| 008 | 240729s9999 xx 000 0 und d | ||
| 022 | _a2828-2779 | ||
| 245 | 0 | _aQiST | |
| 260 | _aIndonesia | ||
| 260 | _bUniversitas Muhammadiyah Surakarta | ||
| 650 | _a Islam | Law | ||
| 650 | _a Islam. Bahai Faith. Theosophy, etc. | ||
| 650 | _a Islamic law | ||
| 650 | _aPhilosophy. Psychology. Religion | ||
| 856 | _uhttps://doaj.org/toc/c51d8576372f4915b7624bb9b796741a | ||
| 942 | _2ddc | ||
| 942 | _cDOAJEJ | ||
| 999 |
_c67288 _d67288 |
||
| 945 |
_a1 _bMadushi Gamage _c1 _dMadushi Gamage |
||